[Event "12th KIIT International 2019"]
[Site "Odisha"]
[Date "2019.06.06"]
[Round "9.13"]
[White "Arpita, Mukherjee"]
[Black "Khusenkhojaev, Muhammad"]
[Result "1/2-1/2"]
[WhiteElo "2196"]
[BlackElo "2446"]
[Annotator "TA"]
[PlyCount "135"]
[EventDate "2019.05.31"]
[EventType "swiss"]
[EventCountry "IND"]
[SourceTitle "playchess.com"]
[Source "ChessBase"]
[SourceQuality "1"]

{[%evp 12,135,27,3,25,0,0,0,20,4,27,24,25,26,36,31,32,0,14,22,20,-9,-11,-19,-12,-15,-16,-19,-24,-27,-28,-40,-47,-32,-32,-39,-21,-29,-31,-62,-18,-22,-14,-16,-11,-39,-35,-43,-42,-42,-30,-30,-27,-63,-62,-66,-29,-34,-10,-11,-10,-10,0,0,0,-27,-29,-29,-8,-8,0,-4,0,0,0,0,0,0,0,-61,-69,-91,-89,-83,-20,-27,0,0,8,8,8,8,8,8,8,8,8,8,8,8,9,8,8,8,8,8,8,-8,-8,-8,-8,-8,-8,-8,-8,-8,-8,-8,-8,-8,-8,-8,-8,-8,-8,-8]} 1. e4 e5 2. Nf3 Nc6 3. Bb5 a6 4. Ba4 Nf6 5. d3 d6 6. c3 g6 7. Bg5 Bg7 {C77: Ruy Lopez: 3...a6 4 Ba4 Nf6, unusual lines} 8. Nbd2 {[%cal Bb1d2,Bd2f1,Bf1e3][%mdl 32]} h6 9. Bh4 Bd7 10. Nf1 Ne7 {[%cal Bc6e7,Be7g6,Bg6f4][%mdl 32]} 11. Bb3 g5 12. Bg3 Ng6 13. Ne3 Nf4 14. Qc2 $146 ({Predecessor:} 14. h4 g4 15. Nh2 h5 16. O-O Bh6 {0-1 (52) Matthias,H (2390)-Balashov,Y (2555) Germany 2001}) 14... Qe7 (14... b5 {feels hotter.} 15. h3 O-O 16. O-O c5 17. a4 Qc7) 15. a4 Be6 {White should prevent ...Bxb3.} 16. Bxe6 (16. O-O {seems wilder.} O-O 17. Ba2 Rae8 18. Rfe1 c6 19. d4) 16... fxe6 17. d4 Nd7 18. O-O-O O-O-O 19. h4 Rdf8 20. hxg5 hxg5 21. Bxf4 gxf4 22. Nc4 exd4 {[#] White must now prevent ...Rxh1.} 23. cxd4 d5 24. Ncd2 Kb8 25. Qb3 c5 (25... Qd6 {keeps more tension.} 26. e5 Qe7 27. Rxh8 Rxh8 28. Kb1 Rg8) 26. Rxh8 Rxh8 27. exd5 cxd4 {aiming for ...Nc5.} 28. Ne4 exd5 29. Qxd5 Nb6 30. Qd6+ Qxd6 31. Nxd6 Nxa4 32. Nf5 Bf6 33. N3xd4 Rh2 34. Rg1 $1 Rh5 35. b3 Nc5 {Hoping for ...Nxb3+!} 36. Kc2 a5 37. Re1 Ka7 38. g4 fxg3 39. fxg3 Rh2+ 40. Re2 Rh1 41. Ne6 Na6 42. g4 Nb4+ 43. Kd2 Rh3 {( -> ...Bc3+)} 44. Re3 Rh2+ 45. Kd1 (45. Re2 $1 $11 Bc3+ 46. Ke3 Nc2+ 47. Kf3 Ne1+ 48. Ke3 Nc2+ 49. Kf3 Ne1+ 50. Ke3 Nc2+) 45... Nd5 $1 $15 {[%cal Rd5e3]} 46. Rf3 Nc3+ 47. Kc1 {[#]} Ne4 ({Better is} 47... Na2+ $1 $17 48. Kd1 Nc3+ 49. Kc1 Ne4) 48. Nfd4 $11 Bh8 49. Rf5 {The position is equal.} Ka6 50. Rh5 Rxh5 51. gxh5 {[%mdl 4096] Endgame KBN-KNN} Nf6 52. h6 Ng4 53. Nf5 Kb5 54. Kb1 Kb4 55. Ka2 Nf2 56. Nd6 Nd3 57. Nxb7 Nc1+ 58. Kb1 Nxb3 59. Nxa5 Nxa5 60. Kc2 Nc4 61. Kd3 Ne5+ 62. Ke4 Ng4 63. Kf5 Nxh6+ 64. Kg6 Ng4 65. Ng7 Ne5+ 66. Kh7 Nf7 67. Kg8 Bxg7 68. Kxg7 {Accuracy: White = 72%, Black = 56%.} 1/2-1/2

[Event "12th KIIT International 2019"]
[Site "Odisha"]
[Date "2019.06.06"]
[Round "9.14"]
[White "Manish Anto Cristiano F"]
[Black "Das, Sayantan"]
[Result "1/2-1/2"]
[WhiteElo "2099"]
[BlackElo "2419"]
[Annotator "TA"]
[PlyCount "176"]
[EventDate "2019.05.31"]
[EventType "swiss"]
[EventCountry "IND"]
[SourceTitle "playchess.com"]
[Source "ChessBase"]
[SourceQuality "1"]

{[%evp 16,176,40,16,29,10,41,38,35,-12,13,14,16,7,4,16,15,11,45,43,49,6,24,16,22,23,14,23,27,37,62,45,139,80,54,31,83,63,66,81,71,54,57,52,47,50,65,55,54,54,47,40,46,49,130,133,138,136,136,136,128,133,165,114,125,95,95,95,104,76,63,39,24,11,0,0,0,0,0,0,0,0,0,0,0,-71,0,0,0,0,0,0,0,0,0,0,0,0,8,8,68,99,479,472,460,8,442,0,149,8,8,8,8,8,8,8,525,518,511,504,504,496,496,0,145,0,489,482,482,480,471,460,453,431,416,8,8,8,8,8,8,8,8,0,0,0,0,0,0,0,0,0,0,0,0,0,8,8,8,8,8,0,0]} 1. e4 e5 2. Nf3 Nc6 3. Bb5 a6 4. Ba4 Nge7 5. O-O g6 6. c3 Bg7 7. d4 exd4 8. cxd4 O-O 9. Nc3 b5 {C60: Ruy Lopez: Unusual Black 3rd moves and 3...g6} 10. Bc2 d6 11. d5 (11. h3 Bb7 12. a3 Na5 13. a4 {1-0 (60) Najer,E (2663)-Paravyan,D (2629) Moscow 2018}) 11... Na5 {White is slightly better.} 12. Nd4 c5 $146 ({Predecessor:} 12... c6 13. Nxc6 Nexc6 14. dxc6 {½-½ (39) Rodriguez Cespedes,A (2530)-Garcia,G (2445) Bogota 1991}) 13. dxc6 Nexc6 14. Nxc6 Nxc6 15. Be3 Be6 16. Bb3 Bc4 17. Bxc4 bxc4 18. Qd5 Ne5 19. Bd4 Rc8 20. b3 Qg5 {...Nf3+ is the strong threat.} 21. Kh1 Qf4 {White must now prevent ...cxb3.} 22. f3 Rfd8 23. Rad1 h5 ({Black should try} 23... Qh6 $14) 24. Ne2 (24. Qb7 $142 Rb8 25. Qxa6) 24... Qh4 $16 25. bxc4 Qe7 (25... Nxc4 $14 26. Rc1 Ne5) 26. f4 Ng4 27. Bxg7 Kxg7 28. Qd4+ Qf6 $1 29. h3 $36 {[%mdl 2048] White is pushing.} Qxd4 30. Rxd4 Nf6 $1 31. Rb1 Re8 32. Nc3 Rc6 33. Kg1 h4 34. Kf2 a5 (34... Rec8 $14) 35. Rb7 Rec8 36. Nb5 Ne8 37. Na3 Nc7 38. Kf3 a4 39. Rd1 (39. Rd2 $18) 39... Ne6 40. Rb4 g5 41. f5 Nc5 42. Nb5 {Threatens to win with Na7.} Nd7 43. Nxd6 Ne5+ 44. Ke2 Rd8 45. Rd5 ({Much worse is} 45. Rxa4 Rdxd6 46. Rxd6 Rxd6 $19) 45... Rcxd6 46. Rxe5 $11 {[%mdl 4096] Endgame And now Rd5 would win. KRR-KRR} Rd2+ {[%mdl 64] Double Attack} 47. Kf3 R8d3+ 48. Kg4 Rxg2+ 49. Kh5 g4 (49... Rd8 $5 50. f6+ $8 {[%mdl 64] Decoy} Kxf6 51. Rf5+ Ke7 52. Rb7+ Ke6 53. Rb6+ Ke7 $11) 50. Rb6 (50. Re8 $11 {keeps the balance.} gxh3 51. e5) 50... Rf3 ({Wrong is} 50... Rxa2 $2 51. f6+ Kh7 52. Re7 $1 $18 {[%mdl 512]}) ({Better is} 50... gxh3 $17 51. f6+ Kh7) 51. f6+ Rxf6 52. Rg5+ {[%mdl 64] Double Attack} Rg6 $1 53. Rgxg6+ fxg6+ 54. Rxg6+ {[%mdl 64] Double Attack. KR-KR} Kf7 55. Rxg4 Rxa2 56. Kxh4 Re2 57. Kg5 Ke6 (57... a3 $11) 58. Kf4 $14 Rf2+ $2 {[%mdl 8192]} (58... Kd6 $16 {is tougher.}) 59. Ke3 $18 Rh2 60. Kd4 $2 (60. h4 $1 $18 {aiming for Kd4.} a3 61. Rg6+ Kd7 62. Kd4) 60... Rd2+ $2 {[%mdl 8192]} (60... Rxh3 $11 61. Rg6+ Kd7) 61. Ke3 $2 (61. Kc3 $18 {and White stays clearly on top.} Rd8 62. Kb4) 61... Rh2 $16 62. Rg6+ (62. h4 $1 $16) 62... Ke5 $11 63. Rg5+ Kd6 64. Ra5 a3 65. Kd4 a2 $2 {[%mdl 8192]} (65... Rxh3 $11 {and Black has nothing to worry.} 66. Ra6+ Kc7) 66. Ra6+ $18 Kc7 67. Kc5 Re2 {[#]} 68. Kd5 $1 Rd2+ 69. Kc5 $2 (69. Ke5 $18 Kb7 70. Ra4) 69... Re2 $1 $16 70. Kd4 ({White should play} 70. Ra7+ $16 Kb8 71. Ra4) 70... Rd2+ $2 {[%mdl 8192]} (70... Rh2 $1 $11) 71. Ke3 $18 Rh2 72. h4 Kb7 73. Ra4 Kc6 74. Kd4 Rd2+ {[#]} 75. Kc3 $2 ({White has to play} 75. Ke5 $1 $18 {[%cal Re5f4] White wants to play Kf4.} Rh2 76. Kf5) 75... Rh2 $11 {The position is equal.} 76. h5 {Strongly threatening Kd4.} Kc5 $1 77. Ra5+ Kb6 $1 {[%cal Rb6a5]} 78. Ra8 Kc5 79. e5 Rh3+ 80. Kb2 {Hoping for e6.} Rxh5 81. e6 {Intending Ra5+ and mate.} Rh2+ 82. Kb3 Re2 83. Ra5+ Kb6 84. Rxa2 Rxe6 85. Kb4 Re5 86. Rh2 Rg5 87. Rh6+ Kc7 88. c5 Rg1 {Accuracy: White = 47%, Black = 46%.} 1/2-1/2

[Event "12th KIIT International 2019"]
[Site "Odisha"]
[Date "2019.06.06"]
[Round "9.15"]
[White "Rakesh Kumar Jena"]
[Black "Baivab Mishra"]
[Result "1/2-1/2"]
[WhiteElo "2411"]
[BlackElo "2209"]
[Annotator "RC"]
[PlyCount "50"]
[EventDate "2019.05.31"]
[EventType "swiss"]
[EventCountry "IND"]
[SourceTitle "playchess.com"]
[Source "ChessBase"]
[SourceQuality "1"]
[TimeControl "5400+30"]

1. d4 {[%emt 0:00:10]} d5 {[%emt 0:00:43]} 2. Nf3 {[%emt 0:00:20]} Nf6 {[%emt 0:03:36]} 3. Bf4 {[%emt 0:00:29]} c6 {[%emt 0:02:28]} 4. Nbd2 {[%emt 0:00:53]} g6 {[%emt 0:02:42]} 5. e3 {[%emt 0:00:43]} Bg7 {[%emt 0:00:42]} 6. Bd3 {[%emt 0:00:44]} O-O {[%emt 0:06:19]} 7. h3 {[%emt 0:00:57]} c5 {[%emt 0:02:06]} 8. c3 {[%emt 0:00:24]} Nc6 {[%emt 0:00:09]} 9. Qe2 {[%emt 0:01:48]} Nd7 {[%emt 0:06:59]} 10. h4 {[%emt 0:01:15]} e5 {[%emt 0:04:59]} 11. dxe5 {[%emt 0:00:09]} Ndxe5 {[%emt 0:00:05]} 12. Nxe5 {[%emt 0:00:07]} Nxe5 {[%emt 0:00:03]} 13. Bxe5 {[%emt 0:00:35]} Bxe5 {[%emt 0:00:05]} 14. h5 {[%emt 0:00:13]} Bg7 {[%emt 0:01:08]} 15. hxg6 {[%emt 0:02:09]} hxg6 {[%emt 0:02:15]} 16. O-O-O {[%emt 0:01:15]} b5 {[%emt 0:04:12]} 17. Kb1 {[%emt 0:01:24]} c4 {[%emt 0:09:58]} 18. Bc2 {[%emt 0:02:37]} b4 {[%emt 0:00:07]} 19. Qf3 {[%emt 0:06:25]} Qb6 {[%emt 0:09:59]} 20. Qxd5 {[%emt 0:08:49]} Be6 {[%emt 0:01:18]} 21. Nxc4 {[%emt 0:00:58]} Qa6 {[%emt 0:03:02]} 22. Qa5 {[%emt 0:00:42]} Qxc4 {[%emt 0:00:24]} 23. cxb4 {[%emt 0:01:24]} Rab8 {[%emt 0:00:33]} 24. Bd3 {[%emt 0:00:35]} Qxb4 {[%emt 0:00:25]} 25. Qxb4 {[%emt 0:00:04]} Rxb4 {[%emt 0:00:03]} 1/2-1/2

[Event "12th KIIT International 2019"]
[Site "Odisha"]
[Date "2019.06.06"]
[Round "9.16"]
[White "Gaurav Rajesh Zagade"]
[Black "Vardaan Nagpal"]
[Result "1/2-1/2"]
[WhiteElo "1895"]
[BlackElo "2369"]
[Annotator "TA"]
[PlyCount "92"]
[EventDate "2019.05.31"]
[EventType "swiss"]
[EventCountry "IND"]
[SourceTitle "playchess.com"]
[Source "ChessBase"]
[SourceQuality "1"]

{[%evp 21,92,8,9,8,11,10,10,8,42,0,0,0,0,0,0,-6,0,0,32,0,0,0,0,0,0,-6,0,-2,0,0,0,0,0,0,0,0,21,22,20,8,16,0,0,0,50,25,25,25,25,0,60,69,77,87,85,0,478,466,580,262,261,255,240,240,500,206,195,0,492,491,456,468,447]} 1. d4 d5 2. c4 e6 3. Nf3 c6 4. g3 f5 5. Bg2 Nf6 6. O-O Bd6 7. b3 Qe7 8. Qc2 O-O 9. Nbd2 b6 10. Bb2 Bb7 11. Ne5 Nbd7 12. e3 {A90: Dutch Defence: Miscellaneous and Modern Stonewall (with ...Bd6)} (12. Ndf3 Ne4 13. Nxd7 Qxd7 14. Ne5 Bxe5 15. dxe5 f4 16. f3 Nc5 17. Rad1 Qe7 18. Rd4 fxg3 19. hxg3 Qg5 {½-½ (38) Miton,K (2628)-Bartel,M (2619) Chorzow 2013}) 12... Rac8 13. Rac1 c5 14. Nxd7 {The position is equal.} Nxd7 $146 ({Predecessor:} 14... Qxd7 15. dxc5 Bxc5 16. Rfd1 Qe7 17. Qb1 dxc4 18. Bxb7 Qxb7 19. Bxf6 gxf6 20. Nxc4 Rfd8 {½-½ (20) Bus,K (2221)-Paszewski,M (2342) Krakow 2019}) 15. Qb1 cxd4 16. Bxd4 e5 17. Bb2 e4 18. Rfd1 Be5 19. cxd5 Rxc1 20. Rxc1 (20. Bxc1 {seems wilder.} Bxd5 21. Bf1 Qe6 22. Nc4 Bf6 23. Bb2) 20... Bxd5 21. Bf1 Bxb2 22. Qxb2 Ne5 23. Qc3 Rd8 24. Be2 g5 25. Rd1 Bf7 26. Nb1 {Strongly threatening Rxd8+.} Rxd1+ 27. Bxd1 Kg7 28. Na3 g4 29. Nb5 Kf6 30. Qc8 Be8 31. Nc7 {Black must now prevent Nd5+.} Bc6 32. Be2 Nf7 33. Bb5 Nd6 $1 {[%cal Rd6c8]} 34. Qh8+ Kg6 35. Qg8+ Kh6 (35... Kf6 $1 $11 36. Bxc6 Qxc7) 36. Bxc6 $14 Qxc7 37. Qe6+ Kh5 38. Bd7 (38. Bb5 $1 $16) 38... Qc5 $2 {[%mdl 8192] [#]} (38... Qc1+ $11 39. Kg2 Qd1) 39. Kg2 $1 $18 a5 {[#]} 40. a4 (40. a3 $142 $1 {[%mdl 512]}) 40... Kg5 41. h4+ gxh3+ 42. Kxh3 h5 $2 (42... Qb4 43. Qg8+ Kf6) 43. Qg8+ (43. Qe7+ $142 Kg6 44. Qe6+ Kh7 45. Qf6) 43... Kf6 44. Qe6+ $2 (44. Kg2) 44... Kg5 $1 45. Qe7+ Kg6 {If only Black now had time for ...Nf7....} 46. Kh4 Qd5 {[%mdl 32768] Accuracy: White = 61%, Black = 55%. . An unexpected result.} 1/2-1/2

[Event "12th KIIT International 2019"]
[Site "Odisha"]
[Date "2019.06.06"]
[Round "9.17"]
[White "Sahoo, Utkal Ranjan"]
[Black "Hari Madhavan N B"]
[Result "0-1"]
[WhiteElo "2371"]
[BlackElo "2093"]
[Annotator "TA"]
[PlyCount "78"]
[EventDate "2019.05.31"]
[EventType "swiss"]
[EventCountry "IND"]
[SourceTitle "playchess.com"]
[Source "ChessBase"]
[SourceQuality "1"]

{[%evp 9,78,-8,-3,-9,-6,-10,0,-29,-13,-10,0,-18,0,-25,-16,-19,0,0,0,0,0,-12,0,-24,-28,-31,0,-6,0,0,0,0,0,-7,-18,-25,-15,-74,-81,-100,-100,-128,-86,-112,-107,-146,-135,-130,-141,-195,-164,-222,-217,-224,-165,-237,-192,-304,-304,-304,-283,-299,-296,-289,-251,-244,-240,-590,-600,-591,-581]} 1. d4 d5 2. Nf3 Nf6 3. e3 c5 4. b3 cxd4 5. exd4 Nc6 (5... g6 6. Bb2 Bg7 7. Nbd2 O-O 8. Bd3 Nc6 9. a3 Nh5 10. O-O Nf4 11. Bb5 Bg4 12. h3 Bh5 13. Bxc6 bxc6 14. Re1 c5 15. Qc1 c4 16. Re3 {0-1 (46) Mamedyarov,S (2808)-Aronian,L (2764) Leuven 2018}) 6. Bb2 {D04: Colle System} Bg4 7. Nbd2 e6 8. Bd3 {The position is equal.} Be7 9. O-O O-O 10. a3 Rc8 11. Qe1 Bh5 $146 ({Predecessor:} 11... Qb6 12. Qe3 Bh5 {½-½ (75) Conrad,J (1971)-Schiefelbusch,D (2133) Dortmund 2005}) 12. h3 Qb6 13. Qe3 Bg6 14. Bxg6 hxg6 15. Rfc1 Rc7 16. Qd3 Rfc8 17. g3 Nb8 18. Ne5 Qa6 19. Qxa6 Nxa6 20. c3 Nb8 {[%cal Ba6b8,Bb8c6,Bc6e7,Be7f5][%mdl 32]} 21. Kg2 Nfd7 22. Nd3 Nc6 23. f4 (23. Re1 $11) 23... g5 $17 24. Kf3 gxf4 25. gxf4 Bf8 26. h4 Nf6 27. Rh1 Ne7 28. Rac1 Nf5 29. Rh3 (29. h5 $17) 29... Nh5 30. c4 (30. Nf1 {was called for.}) 30... dxc4 31. Rxc4 Be7 32. Kg4 (32. a4 {was necessary.}) 32... g6 33. Ne5 (33. a4 $142) 33... b5 $19 {[%cal Bb7b5,Bb5b4][%mdl 32]} 34. Rxc7 Rxc7 35. Rc3 Rxc3 36. Bxc3 Bxa3 {White must now prevent ...b4.} 37. Ne4 b4 38. Ba1 $2 {[#]} (38. Bd2) 38... Ne3+ 39. Kf3 Nc2 {Accuracy: White = 30%, Black = 64%.} 0-1

[Event "12th KIIT International 2019"]
[Site "Odisha"]
[Date "2019.06.06"]
[Round "9.18"]
[White "Viani Antonio Dcunha"]
[Black "Nepal, Prakash"]
[Result "1-0"]
[WhiteElo "2362"]
[BlackElo "1985"]
[Annotator "TA"]
[PlyCount "57"]
[EventDate "2019.05.31"]
[EventType "swiss"]
[EventCountry "IND"]
[SourceTitle "playchess.com"]
[Source "ChessBase"]
[SourceQuality "1"]

{[%evp 17,56,24,33,29,60,46,47,21,23,21,60,68,104,46,116,122,121,135,121,104,163,154,198,220,483,495,529,532,920,902,924,891,1083,1030,2863,2712,2488,2077,29988,1304,29993]} 1. e4 c5 2. Nf3 e6 3. d4 cxd4 4. Nxd4 Nc6 5. Nc3 Qc7 6. Be3 a6 7. f4 d6 8. Qf3 Nf6 9. Bd3 Be7 10. Nxc6 {B82: Sicilian Scheveningen: 6 f4} (10. O-O O-O 11. Kh1 Bd7 12. Rae1 b5 13. a3 Rab8 14. Nxc6 Bxc6 15. Qh3 Rfd8 16. Bd2 d5 17. e5 Ne4 18. f5 Nxd2 19. fxe6 Ne4 20. exf7+ {1-0 (30) Kamsky,G (2741)-Mamedyarov,S (2775) Tromsoe 2013}) 10... Qxc6 11. g4 b5 $146 ({Predecessor:} 11... h5 12. g5 Nd7 13. O-O-O Nc5 14. g6 f5 15. Bxc5 dxc5 16. Qe2 Kf8 17. exf5 exf5 {1-0 (50) Spanko,J (2145)-Lakatos,V (2121) Slovakia 2001}) 12. g5 {White is slightly better.} Nd7 13. a3 Bb7 14. O-O-O O-O 15. Bd4 (15. Rhg1 $16) 15... Rfe8 ({Better is} 15... e5 $14 16. Nd5 Rae8) 16. Rhf1 Rac8 17. Kb1 Bf8 18. f5 {Threatens to win with fxe6.} e5 (18... Ne5 $16 19. Qf2 Rc7) 19. Be3 $18 Qc7 20. f6 g6 $2 {[#]} (20... Nc5 21. Bxc5 dxc5 22. Bxb5 axb5) 21. h4 $1 Nc5 22. h5 Re6 23. Bxc5 dxc5 24. Nd5 Bxd5 25. exd5 c4 26. dxe6 {Threatening mate with hxg6.} cxd3 27. Qxd3 Bc5 28. e7 (28. hxg6 $142 fxg6 29. f7+ Kg7 30. Qh3 Bf8 31. Rd7 Qc5 {[#]} 32. e7 $1 {[%mdl 512]} h5 33. e8=Q Qxc2+ 34. Ka1) 28... Qc6 {Accuracy: White = 57%, Black = 27%.} 29. Qd8+ 1-0

[Event "12th KIIT International 2019"]
[Site "Odisha"]
[Date "2019.06.06"]
[Round "9.19"]
[White "Deshmukh, Anup"]
[Black "Samal Ansuman"]
[Result "1/2-1/2"]
[WhiteElo "2229"]
[BlackElo "1939"]
[Annotator "TA"]
[PlyCount "120"]
[EventDate "2019.05.31"]
[EventType "swiss"]
[EventCountry "IND"]
[SourceTitle "playchess.com"]
[Source "ChessBase"]
[SourceQuality "1"]

{[%evp 9,120,-21,0,-23,-15,-18,0,0,-1,-12,10,-14,-23,-29,-8,-8,-4,-8,-7,0,-3,-54,-41,-45,-36,-120,-118,-145,-128,-104,-84,-222,-162,-203,-103,-106,-87,-86,-91,-83,-75,-100,-101,-122,-76,-75,-70,-73,-70,-123,-89,-109,0,-8,4,3,6,7,7,0,9,0,0,0,50,49,48,40,115,119,119,100,91,26,25,25,26,22,27,31,26,0,27,18,26,20,60,29,29,29,25,25,22,24,24,1,8,0,0,0,0,0,0,0,0,0,0,0,0,0,0,0,0]} 1. c4 Nf6 2. Nf3 g6 3. b3 Bg7 4. Bb2 O-O 5. d3 (5. g3 c5 6. Bg2 Nc6 7. O-O b6 8. d4 cxd4 9. Nxd4 Bb7 10. Nc3 Rb8 11. Nd5 Nxd5 12. Bxd5 Nxd4 13. Bxd4 Bxd5 14. Bxg7 Kxg7 15. Qd4+ Kg8 16. cxd5 Rc8 17. Rac1 Rc7 18. Qe3 {½-½ (42) Wang,Y (2684)-Andriasian,Z (2600) chess.com INT 2019}) 5... d6 6. Nbd2 {A15: English Opening: 1...Nf6} e5 7. Qc2 Nbd7 $146 ({Predecessor:} 7... Nc6 8. a3 a5 9. e3 Bf5 10. Ne4 Nxe4 11. dxe4 Be6 12. h4 Bg4 {0-1 (36) Bosboom,M (2403)-Van Foreest,L (2488) Spakenburg 2018}) 8. g3 Ne8 9. h4 Ndf6 10. d4 exd4 11. Nxd4 c5 12. N4f3 $1 Bf5 13. Qc1 Nc7 14. Bg2 Re8 15. Nf1 (15. e3 $11) 15... d5 $15 {Strongly threatening ...Qe7!} 16. Ne3 Be4 $36 {[%mdl 2048] And now ...d4 would win. Black has some pressure.} 17. O-O (17. cxd5 $15 Ncxd5 18. Nxd5 Bxd5 19. Bc3) 17... d4 $17 18. Rd1 Qe7 19. Nf1 Ng4 {Hoping for ...Bh6.} 20. Ba3 (20. e3 $17) 20... Rad8 21. Qg5 {[#]} Qxg5 (21... Qd7 $1 $19 {...d3 is the strong threat.} 22. Qd2 b6) 22. hxg5 d3 23. exd3 Bxa1 (23... Rxd3 $6 24. Rxd3 Bxd3 25. Rd1 $11) 24. Rxa1 Bxd3 ({But not} 24... Rxd3 $6 25. Ne1 $11) 25. Bxc5 b6 26. Bb4 Re2 27. N1h2 Nxh2 28. Nxh2 Bf5 29. Bc3 (29. Bf3 $15 Ree8 30. Bc3) 29... Rc2 30. Be5 Ne8 (30... Ne6 $17 {Threatens to win with ...Rdd2.} 31. g4 Bd3) 31. Nf1 Be6 32. Bf3 f6 $1 {[%cal Rf6e5]} 33. gxf6 Kf7 34. a4 Nxf6 35. Bd1 {[#]} Rxd1 $1 {[%mdl 512]} 36. Rxd1 Nd7 37. Ne3 Ra2 38. Bd4 Nc5 (38... Nf6 $14) 39. Bxc5 $1 $16 bxc5 {[%mdl 4096] Endgame KRB-KRN} 40. Rd8 Rb2 41. Rb8 ({White should play} 41. Ra8 $16) 41... Bd7 $11 42. Rb7 Ke6 43. Rxa7 Rxb3 44. Ra6+ Ke5 45. a5 Ra3 46. Kg2 Ra4 47. g4 h5 48. gxh5 gxh5 49. Kg3 Ra2 50. Rh6 Rxa5 51. Rxh5+ Ke4 52. Rh6 Ra8 {The position is equal.} 53. Rg6 Rf8 54. Rg5 Rc8 55. Nd5 Be6 56. Ne3 Rg8 57. Kh4 Rh8+ 58. Kg3 Rg8 59. Rxg8 Bxg8 60. Kg4 Kd4 {Accuracy: White = 44%, Black = 56%.} 1/2-1/2

[Event "12th KIIT International 2019"]
[Site "Odisha"]
[Date "2019.06.07"]
[Round "10.1"]
[White "Iturrizaga Bonelli, Eduardo"]
[Black "Neverov, Valeriy"]
[Result "1/2-1/2"]
[WhiteElo "2637"]
[BlackElo "2495"]
[Annotator "TA"]
[PlyCount "50"]
[EventDate "2019.05.31"]
[EventType "swiss"]
[EventCountry "IND"]
[SourceTitle "playchess.com"]
[Source "ChessBase"]
[SourceQuality "1"]

{[%evp 24,50,8,0,3,0,0,-4,0,0,-9,-6,3,0,0,0,0,0,23,0,0,0,0,0,0,0,0,0,0]} 1. d4 d5 2. c4 c6 3. Nf3 Nf6 4. cxd5 cxd5 5. Nc3 Nc6 6. Bf4 Bf5 7. e3 e6 8. Bd3 Bxd3 9. Qxd3 Bd6 10. Bxd6 Qxd6 11. O-O O-O 12. Rfc1 Rac8 13. h3 h6 {D14: Slav Defence: Exchange variation with ...Bf5} 14. Ne2 Ne7 15. Rxc8 Rxc8 16. Rc1 Rxc1+ 17. Nxc1 Nc6 (17... a6 18. Ne2 Qc7 19. Qc3 Qxc3 20. Nxc3 Kf8 {½-½ (20) Korobov,A (2652)-Jobava,B (2690) Villorba 2018}) 18. a3 g6 $146 ({Predecessor:} 18... e5 19. dxe5 Nxe5 20. Nxe5 Qxe5 21. Qc2 Qe6 {½-½ (31) Marholev,D (2333)-Popchev,M (2434) Plovdiv 2013}) 19. Qc2 Kg7 20. Nd3 Ne4 21. Nfe5 Nxe5 {The position is equal.} 22. Nxe5 Qb6 23. g3 h5 24. h4 a5 25. Kg2 Qd8 1/2-1/2

[Event "12th KIIT International 2019"]
[Site "Odisha"]
[Date "2019.06.07"]
[Round "10.2"]
[White "Petrosyan, Manuel"]
[Black "Amonatov, Farrukh"]
[Result "1/2-1/2"]
[WhiteElo "2573"]
[BlackElo "2624"]
[Annotator "ChessBase"]
[PlyCount "105"]
[EventDate "2019.05.31"]
[EventType "swiss"]
[EventCountry "IND"]
[SourceTitle "playchess.com"]
[Source "ChessBase"]
[SourceQuality "1"]
[TimeControl "5400+30"]

1. d4 {[%emt 1:30:30]} Nf6 {[%emt 0:03:58]} 2. c4 {[%emt 0:00:00]} g6 {[%emt 0:00:07]} 3. Nc3 {[%emt 0:00:00]} Bg7 {[%emt 0:00:03]} 4. e4 {[%emt 0:00:00]} d6 {[%emt 0:00:04]} 5. Nf3 {[%emt 0:00:00]} O-O {[%emt 0:00:07]} 6. Be2 {[%emt 0:00:00]} e5 {[%emt 0:00:04]} 7. O-O {[%emt 0:00:00]} Nbd7 {[%emt 0:01:13]} 8. Be3 {[%emt 0:00:00]} Ng4 {[%emt 0:00:05]} 9. Bg5 {[%emt 0:00:00]} f6 {[%emt 0:00:05]} 10. Bh4 {[%emt 0:00:00]} Nh6 {[%emt 0:00:10]} 11. dxe5 {[%emt 0:00:00]} dxe5 {[%emt 0:00:58]} 12. b4 {[%emt 0:00:00]} c6 {[%emt 0:04:23]} 13. Qb3 {[%emt 0:00:00]} Nf7 {[%emt 0:00:21]} 14. c5 {[%emt 0:00:00]} Qe7 {[%emt 0:00:57]} 15. Rad1 {[%emt 0:00:00]} Re8 {[%emt 0:01:01]} 16. Bc4 {[%emt 0:00:00]} a5 {[%emt 0:11:18]} 17. a3 {[%emt 0:00:00]} axb4 {[%emt 0:01:15]} 18. axb4 {[%emt 0:00:00]} b5 {[%emt 0:00:05]} 19. cxb6 {[%emt 0:00:00]} Nxb6 {[%emt 0:00:58]} 20. Nxe5 {[%emt 0:00:00]} Nxc4 {[%emt 0:00:24]} 21. Nxc6 {[%emt 0:00:00]} Qe6 {[%emt 0:00:43]} 22. Nd4 {[%emt 0:00:00]} Qg4 {[%emt 0:00:16]} 23. Bg3 {[%emt 0:00:00]} Ba6 {[%emt 0:34:20]} 24. Rfe1 {[%emt 0:00:00]} Nce5 {[%emt 0:13:31]} 25. b5 {[%emt 0:00:00]} Bb7 {[%emt 0:01:17]} 26. Nd5 {[%emt 0:00:00]} Bxd5 {[%emt 0:12:52]} 27. exd5 {[%emt 0:00:00]} Nd6 {[%emt 0:00:32]} 28. f3 {[%emt 0:00:00]} Qd7 {[%emt 0:00:09]} 29. Nc6 {[%emt 0:00:00]} h5 {[%emt 0:02:25]} 30. b6 {[%emt 0:00:00]} Kh7 {[%emt 0:00:11]} 31. Rc1 {[%emt 0:00:00]} Rac8 {[%emt 0:03:03]} 32. Bxe5 {[%emt 0:00:18]} fxe5 {[%emt 0:00:05]} 33. Ra1 {[%emt 0:00:03]} Qf7 {[%emt 0:05:51]} 34. Ra7 {[%emt 0:01:18]} Nb7 {[%emt 0:00:04]} 35. Qc4 {[%emt 0:04:46]} Ra8 {[%emt 0:02:08]} 36. Qa6 {[%emt 0:02:42]} Rxa7 {[%emt 0:01:42]} 37. bxa7 {[%emt 0:00:13]} Nc5 {[%emt 0:00:32]} 38. Qc4 {[%emt 0:00:59]} Bf8 {[%emt 0:00:26]} 39. Rb1 {[%emt 0:02:11]} e4 {[%emt 0:01:06]} 40. Rb8 {[%emt 0:00:04]} exf3 {[%emt 0:00:10]} 41. gxf3 {[%emt 0:00:07]} Qxf3 {[%emt 0:00:57]} 42. Rxe8 {[%emt 0:00:41]} Nd3 {[%emt 0:00:01]} 43. Rxf8 {[%emt 0:00:43]} Qe3+ {[%emt 0:00:09]} 44. Kg2 {[%emt 0:00:18]} Qe2+ {[%emt 0:00:09]} 45. Kg3 {[%emt 0:00:27]} g5 {[%emt 0:01:23]} 46. Rh8+ {[%emt 0:03:04]} Kxh8 {[%emt 0:00:06]} 47. a8=Q+ {[%emt 0:00:05]} Kh7 {[%emt 0:00:05]} 48. Qf8 {[%emt 0:04:40]} Qe1+ {[%emt 0:01:32]} 49. Kg2 {[%emt 0:00:08]} Qe2+ {[%emt 0:00:05]} 50. Kg1 {[%emt 0:00:11]} Qe3+ {[%emt 0:00:07]} 51. Kf1 {[%emt 0:00:56]} Qe1+ {[%emt 0:00:07]} 52. Kg2 {[%emt 0:00:01]} Qe2+ {[%emt 0:00:15]} 53. Kg3 {[%emt 0:01:42]} 1/2-1/2